<?xml version="1.0" encoding="UTF-8"?>
<record
    xmlns:xsi="http://www.w3.org/2001/XMLSchema-instance"
    xsi:schemaLocation="http://www.loc.gov/MARC21/slim http://www.loc.gov/standards/marcxml/schema/MARC21slim.xsd"
    xmlns="http://www.loc.gov/MARC21/slim">

  <leader>01592cam a22003614a 4500</leader>
  <controlfield tag="001">sa 65000393 </controlfield>
  <controlfield tag="003">DLC</controlfield>
  <controlfield tag="005">20260227112102.0</controlfield>
  <controlfield tag="008">760826m19572002ii b     b    001 0 eng  </controlfield>
  <datafield tag="010" ind1=" " ind2=" ">
    <subfield code="a">sa 65000393 </subfield>
  </datafield>
  <datafield tag="025" ind1=" " ind2=" ">
    <subfield code="a">PL480:I-E-3361</subfield>
  </datafield>
  <datafield tag="040" ind1=" " ind2=" ">
    <subfield code="a">DLC</subfield>
    <subfield code="c">DLC</subfield>
    <subfield code="d">DLC</subfield>
  </datafield>
  <datafield tag="043" ind1=" " ind2=" ">
    <subfield code="a">a-ii---</subfield>
  </datafield>
  <datafield tag="050" ind1="0" ind2="0">
    <subfield code="a">DS485.M26</subfield>
    <subfield code="b">M14 1957</subfield>
  </datafield>
  <datafield tag="082" ind1="0" ind2="0">
    <subfield code="a">915.4/82</subfield>
  </datafield>
  <datafield tag="110" ind1="1" ind2=" ">
    <subfield code="a">Madras (India : State)</subfield>
  </datafield>
  <datafield tag="245" ind1="1" ind2="0">
    <subfield code="a">Madras District gazetteers /</subfield>
    <subfield code="c">by B.S. Baliga.</subfield>
  </datafield>
  <datafield tag="246" ind1="1" ind2=" ">
    <subfield code="i">Vols. 6-11 have title:</subfield>
    <subfield code="a">Tamil Nadu District gazetteers</subfield>
  </datafield>
  <datafield tag="246" ind1="1" ind2=" ">
    <subfield code="i">Vols. 12-14 have title:</subfield>
    <subfield code="a">Tamil Nadu State</subfield>
  </datafield>
  <datafield tag="246" ind1="1" ind2=" ">
    <subfield code="i">Vols. 12-14 have spine title:</subfield>
    <subfield code="a">Tamil Nadu District gazetteers</subfield>
  </datafield>
  <datafield tag="260" ind1=" " ind2=" ">
    <subfield code="a">Madras :</subfield>
    <subfield code="b">Printed by the Supt., Govt. Press,</subfield>
    <subfield code="c">1957-&lt;2007&gt;</subfield>
  </datafield>
  <datafield tag="300" ind1=" " ind2=" ">
    <subfield code="a">v. &lt;14 in 17&gt; :</subfield>
    <subfield code="b">col. maps ;</subfield>
    <subfield code="c">26 cm.</subfield>
  </datafield>
  <datafield tag="490" ind1="0" ind2=" ">
    <subfield code="a">Gazetteer of India</subfield>
  </datafield>
  <datafield tag="500" ind1=" " ind2=" ">
    <subfield code="a">Vol. 1 only has special title.</subfield>
  </datafield>
  <datafield tag="500" ind1=" " ind2=" ">
    <subfield code="a">Editors vary.</subfield>
  </datafield>
  <datafield tag="500" ind1=" " ind2=" ">
    <subfield code="a">Imprint varies.</subfield>
  </datafield>
  <datafield tag="500" ind1=" " ind2=" ">
    <subfield code="a">Maps on folded leaves in pockets.</subfield>
  </datafield>
  <datafield tag="500" ind1=" " ind2=" ">
    <subfield code="a">Vol. 1 lacks series.</subfield>
  </datafield>
  <datafield tag="504" ind1=" " ind2=" ">
    <subfield code="a">Includes bibliographical references and indexes.</subfield>
  </datafield>
  <datafield tag="505" ind1="0" ind2=" ">
    <subfield code="a">[1] Tanjore District handbook -- [2] Madurai -- [3] South Arcot -- [4] Coimbatore -- [5] Salem -- [6] Ramanathapuram -- [7] Pudukkottai -- [8] Kanniyakumari District -- [9] Nilgiris District -- [10] Tiruchirappalli (pt. 1-2) -- [11] Dharmapuri -- [12] Kancheepuram and Tiruvallur districts (erstwhile Chengalpattu District -- [13] Tirunelveli District (v. 1-2) -- [14] Thoothukudi District (v. 1-2)</subfield>
  </datafield>
  <datafield tag="651" ind1=" " ind2="0">
    <subfield code="a">Tamil Nadu (India)</subfield>
    <subfield code="v">Gazetteers.</subfield>
  </datafield>
  <datafield tag="700" ind1="1" ind2=" ">
    <subfield code="a">Baliga, B. S.,</subfield>
    <subfield code="c">Rao Bahadur.</subfield>
  </datafield>
  <datafield tag="999" ind1=" " ind2=" ">
    <subfield code="c">61531</subfield>
    <subfield code="d">61531</subfield>
  </datafield>
</record>
